• 首页
  • 本馆介绍
  • 公告通知
  • 最新文献
  • 馆藏检索
  • 电子资源
  • 读者导购
  • 参考咨询
  • 我的图书馆
  • 登录
  • 详细信息显示
  • 放入我的书架
  • 预约/预借图书
  • 作者相关作品
  • 分类相关作品
  • 丛书相关作品
  • 出版社相关作品

书目信息

  • 表格格式
  • 工作单格式
  • 卡片格式
题名:
论整体设计语言
    
 
作者: 陈晓宁 著
分册:  
出版信息: 北京   中国经济出版社  2005
页数: 30,268页
开本: 21cm
丛书名: 语言与传播丛书
单 册:
中图分类: H05
科图分类:
主题词: 语言艺术--研究 , 写作学 , 修辞学
电子资源:
ISBN: 7-5017-6694-0
000 00826nam0 2200265 450
001 TS2006025513
005 20070120153942.42
010    @a7-5017-6694-0@dCNY26.00
100    @a20060829d2005 em y0chiy0110 ea
101 0  @achi
102    @aCN@b110000
105    @aa z 000yy
200 1  @a论整体设计语言@ALun Zheng Ti She Ji Yu Yan@f陈晓宁著@FChen Xiao Ning Zhu
210    @a北京@c中国经济出版社@d2005
215    @a30,268页@c照片@d21cm
225 2  @a语言与传播丛书@v18
330    @a本书从整体设计语言概说;语结、语脉、语篇和整体设计语言;整体设计语言对语篇色彩和内容的管控等做了介绍。
410  0 @12001 @a语言与传播丛书
606 0  @a语言艺术@x研究
606 0  @a写作学
606 0  @a修辞学
690    @aH05@v4
701  0 @a陈晓宁@AChen Xiao Ning@4著
801  0 @aCN@b中图数据@c20070120
905    @a10447@dH05@e133
    
    论整体设计语言/陈晓宁著.-北京:中国经济出版社,2005
    30,268页:照片;21cm.-(语言与传播丛书;18)
    
    
    ISBN 7-5017-6694-0:CNY26.00
    本书从整体设计语言概说;语结、语脉、语篇和整体设计语言;整体设计语言对语篇色彩和内容的管控等做了介绍。
●
相关链接 在E读中查询图书 在五车中查询图书 在当当中查询图书 在豆瓣中查询图书


正题名:论整体设计语言     索取号:H05/133         预约/预借

序号 登录号 条形码 馆藏地/架位号 状态 备注
1 0600813   206008130   第二样本阅览室/ [索取号:H05/133] 在馆    
2 0600814   206008149   第四借阅区/ [索取号:H05/133] 在馆    
3 0600815   206008158   第四借阅区/ [索取号:H05/133] 在馆    
4 0600816   206008167   第四借阅区/ [索取号:H05/133] 在馆    
5 0600817   206008176   第四借阅区/ [索取号:H05/133] 在馆    
唐山师范学院图书馆 欢迎您!
大连网信软件有限公司© 版权所有